Statistics for 1989年8月時点の快速葉っぴーきよさとの停車駅

Click here to take the quiz!

General Stats

  • This quiz has been taken 18 times
  • The average score is 8 of 9

Answer Stats

Answer% Correct
清里
94%
立川
88%
甲府
88%
小海
88%
新宿
82%
三鷹
82%
八王子
82%
野辺山
82%
甲斐大泉
65%

Score Distribution

Percentile by Number Answered

Percent of People with Each Score

Your Score History

You have not taken this quiz